[Event "Joao Pessoa de Assis Memorial 3rd"]
[Site "Joao Pessoa"]
[Date "2023.10.22"]
[Round "6"]
[White "Prado Oliveira, Fellipe"]
[Black "Dos Santos, Leonardo Lopes"]
[Result "0-1"]
[WhiteElo "1762"]
[BlackElo "1614"]
[PlyCount "62"]
[EventDate "2023.10.20"]
[EventType "swiss"]
[EventRounds "6"]
[EventCountry "BRA"]
[SourceTitle "Mega2024 Update 01"]
[Source "Chessbase"]
[SourceDate "2023.11.12"]
[SourceVersion "1"]
[SourceVersionDate "2023.11.12"]
[SourceQuality "1"]

1. Nf3 Nf6 2. g3 g6 3. Bg2 Bg7 4. 0-0 0-0 5. c4 c6 6. b3 d5 7. Bb2 Bf5 8. d4 Nbd7 9. Nc3 Nb6 10. c5 Nbd7 11. a3 Ne4 12. Nh4 e6 13. Nxf5 exf5 14. Rc1 Re8 15. e3 Ndf6 16. Qe2 Nxc3 17. Bxc3 Ne4 18. b4 Nxc3 19. Rxc3 Bxd4 20. Rb3 Qe7 21. Qc2 Bg7 22. Rfb1 a6 23. a4 Rac8 24. a5 Red8 25. Rd1 Rd7 26. Rbd3 Rcd8 27. R3d2 d4 28. Qd3 dxe3 29. Qxd7 Rxd7 30. Rxd7 e2 31. Rd8+ Bf8 0-1

[Event "Joao Pessoa de Assis Memorial 3rd"]
[Site "Joao Pessoa"]
[Date "2023.10.21"]
[Round "4"]
[White "Prado Oliveira, Fellipe"]
[Black "Canonico, Rodrigo"]
[Result "1-0"]
[WhiteElo "1762"]
[BlackElo "1714"]
[PlyCount "65"]
[EventDate "2023.10.20"]
[EventType "swiss"]
[EventRounds "6"]
[EventCountry "BRA"]
[SourceTitle "Mega2024 Update 01"]
[Source "Chessbase"]
[SourceDate "2023.11.12"]
[SourceVersion "1"]
[SourceVersionDate "2023.11.12"]
[SourceQuality "1"]

1. d4 f5 2. g3 Nf6 3. Bg2 g6 4. Nh3 Bg7 5. Nf4 0-0 6. 0-0 d6 7. d5 Qe8 8. c4 e5 9. dxe6 Nc6 10. Nc3 Bxe6 11. Nxe6 Qxe6 12. Bd5 Nxd5 13. cxd5 Qd7 14. dxc6 Qxc6 15. Qd5+ Qxd5 16. Nxd5 c6 17. Nc7 Rac8 18. Ne6 Rfe8 19. Nxg7 Kxg7 20. e3 d5 21. Rd1 h6 22. b4 g5 23. a4 Re4 24. Bb2+ Kg6 25. Bd4 a6 26. Rdc1 f4 27. b5 fxe3 28. fxe3 h5 29. bxc6 bxc6 30. Rc5 h4 31. Rac1 Re6 32. Rxd5 Rb8 33. Ra5 1-0

[Event "Joao Pessoa de Assis Memorial 3rd"]
[Site "Joao Pessoa"]
[Date "2023.10.20"]
[Round "2"]
[White "Prado Oliveira, Fellipe"]
[Black "De Saboya E Silva, Jose Frederic"]
[Result "0-1"]
[WhiteElo "1762"]
[BlackElo "1976"]
[PlyCount "54"]
[EventDate "2023.10.20"]
[EventType "swiss"]
[EventRounds "6"]
[EventCountry "BRA"]
[SourceTitle "Mega2024 Update 01"]
[Source "Chessbase"]
[SourceDate "2023.11.12"]
[SourceVersion "1"]
[SourceVersionDate "2023.11.12"]
[SourceQuality "1"]

1. Nf3 c5 2. g3 Nc6 3. Bg2 e5 4. c4 g6 5. Nc3 Bg7 6. Rb1 Nge7 7. 0-0 0-0 8. a3 a5 9. Ne1 d6 10. Nc2 Nf5 11. b4 axb4 12. axb4 Nfd4 13. Nxd4 cxd4 14. Nd5 Ne7 15. Qb3 Be6 16. d3 Nxd5 17. Bxd5 Bxd5 18. cxd5 Qb6 19. e3 Rfc8 20. Bd2 Bh6 21. Rfe1 Rc7 22. f4 Rac8 23. exd4 exf4 24. Re4 f5 25. Re6 Qxd4+ 26. Kh1 Qf2 27. Rxd6 Rc1+ 0-1

[Event "BRA-ch 88th"]
[Site "Recife"]
[Date "2022.12.23"]
[Round "11"]
[White "Batista, Davi de Azevedo"]
[Black "Prado Oliveira, Fellipe"]
[Result "0-1"]
[WhiteElo "1800"]
[BlackElo "1831"]
[PlyCount "103"]
[EventDate "2022.12.15"]
[EventType "swiss"]
[EventRounds "11"]
[EventCountry "BRA"]
[SourceTitle "CBM 212 Extra"]
[Source "ChessBase"]
[SourceDate "2023.03.31"]
[SourceVersion "1"]
[SourceVersionDate "2023.03.31"]
[SourceQuality "1"]

1. e4 c5 2. Nf3 Nc6 3. Bb5 e6 4. 0-0 Nge7 5. Re1 a6 6. Bf1 b5 7. d4 cxd4 8. Nxd4 Nxd4 9. Qxd4 Nc6 10. Qd1 Be7 11. a4 b4 12. Nd2 d5 13. exd5 exd5 14. Qh5 0-0 15. g3 Nd4 16. Bd3 g6 17. Qd1 Bf6 18. Nf1 Be6 19. Bh6 Re8 20. c3 bxc3 21. bxc3 Nc6 22. Rc1 Qd7 23. Qf3 Bh8 24. Bb1 Ne5 25. Qf4 Ng4 26. Nd2 Nxh6 27. Qxh6 Qxa4 28. Nf3 Bg7 29. Qd2 Qg4 30. Qd3 Red8 31. Qd1 a5 32. Ba2 a4 33. Rb1 Bxc3 34. Re3 d4 35. Bxe6 fxe6 36. Re5 a3 37. h3 Qxh3 38. Ng5 a2 39. Ra1 Bxa1 40. Qf3 Rf8 41. Qb7 Bc3 42. Nxh3 a1Q+ 43. Kg2 Qa6 44. Qe7 Qc6+ 45. Kh2 Ra1 46. f3 Qxf3 47. Qxe6+ Rf7 48. Qe8+ Kg7 49. Qxf7+ Qxf7 50. Nf4 h5 51. Kg2 Ra2+ 52. Kf3 0-1

[Event "BRA-ch 88th"]
[Site "Recife"]
[Date "2022.12.21"]
[Round "9"]
[White "De Lucena, Davi Santos Marques"]
[Black "Prado Oliveira, Fellipe"]
[Result "1-0"]
[WhiteElo "1655"]
[BlackElo "1831"]
[PlyCount "137"]
[EventDate "2022.12.15"]
[EventType "swiss"]
[EventRounds "11"]
[EventCountry "BRA"]
[SourceTitle "CBM 212 Extra"]
[Source "ChessBase"]
[SourceDate "2023.03.31"]
[SourceVersion "1"]
[SourceVersionDate "2023.03.31"]
[SourceQuality "1"]

1. d4 Nf6 2. c4 g6 3. g3 Bg7 4. Bg2 0-0 5. Nf3 c6 6. 0-0 d5 7. Ne5 dxc4 8. Nxc4 Be6 9. Qd3 Na6 10. e4 Nc5 11. Qe3 Bxc4 12. dxc5 Bxf1 13. Bxf1 e6 14. Nd2 b5 15. Nb3 Qc7 16. f4 Rfd8 17. e5 Nd5 18. Qe2 Ne7 19. Nd2 g5 20. Ne4 gxf4 21. gxf4 Nf5 22. Nd6 Nxd6 23. cxd6 Qd7 24. Be3 f6 25. Bc5 fxe5 26. fxe5 Qf7 27. Bg2 Qf5 28. Re1 Kh8 29. Qe3 Qg6 30. Kh1 Bh6 31. Qd4 Rd7 32. Bxc6 Rg8 33. Rg1 Qxg1+ 34. Qxg1 Rxg1+ 35. Kxg1 Rg7+ 36. Kf2 Bg5 37. Bxb5 Bd8 38. Bc4 Rg5 39. Bxe6 Rxe5 40. Bd4 Bb6 41. Bxb6 Rxe6 42. d7 Rf6+ 43. Kg2 Rg6+ 44. Kh1 Rxb6 45. d8Q+ Kg7 46. Qxb6 axb6 47. Kg2 Kf6 48. Kf3 Kf5 49. b4 b5 50. Ke3 Ke5 51. Kd3 Kd5 52. Kc3 h5 53. h4 Ke4 54. Kb3 Kf4 55. a4 bxa4+ 56. Kxa4 Kg3 57. b5 Kxh4 58. b6 Kg3 59. b7 h4 60. b8Q+ Kg2 61. Qb7+ Kh2 62. Qc7+ Kg2 63. Qc6+ Kh2 64. Qd6+ Kg2 65. Qd5+ Kh2 66. Qe5+ Kg2 67. Qe4+ Kg3 68. Qe1+ Kh3 69. Qh1+ 1-0

[Event "Natal zt 2.4"]
[Site "Natal"]
[Date "2022.10.06"]
[Round "7"]
[White "Prado Oliveira, Fellipe"]
[Black "De Almeida, Olivan Duarte"]
[Result "1-0"]
[WhiteElo "1835"]
[BlackElo "1516"]
[PlyCount "125"]
[EventDate "2022.10.03"]
[EventType "swiss"]
[EventRounds "9"]
[EventCountry "BRA"]
[SourceTitle "EXT 2024"]
[Source "ChessBase"]
[SourceDate "2023.10.10"]
[SourceVersion "1"]
[SourceVersionDate "2023.10.10"]
[SourceQuality "1"]

1. c4 c5 2. Nf3 Nf6 3. g3 b6 4. Bg2 Bb7 5. Nc3 g6 6. 0-0 Bg7 7. e3 d5 8. b3 0-0 9. Rb1 d4 10. Ne2 dxe3 11. fxe3 Be4 12. Ne5 Bxg2 13. Kxg2 Nfd7 14. Nxd7 Qxd7 15. d4 Rd8 16. d5 Nc6 17. Bb2 Ne5 18. Bxe5 Bxe5 19. Nf4 Bg7 20. Qf3 Rf8 21. h4 h5 22. Rbe1 Qd6 23. g4 hxg4 24. Qxg4 Qe5 25. Rh1 Qe4+ 26. Kg1 Rae8 27. h5 e5 28. dxe6 Rxe6 29. Qg3 Be5 30. Rh4 Bxf4 31. Rxf4 Qd3 32. hxg6 Rxg6 33. Rg4 Rxg4 34. Qxg4+ Qg6 35. Qg2 Qxg2+ 36. Kxg2 Re8 37. Kf3 f6 38. Rd1 Re7 39. Kf4 Kf7 40. e4 Ke6 41. Rd5 Kf7 42. Kf5 Kg7 43. e5 fxe5 44. Rxe5 Rf7+ 45. Ke6 Rf2 46. a4 Rf3 47. Kd5 Kf6 48. Re6+ Kf7 49. Rh6 Rxb3 50. Rh7+ Kf6 51. Rxa7 Rb4 52. a5 bxa5 53. Kxc5 Ke6 54. Rxa5 Rb8 55. Ra7 Rc8+ 56. Kb5 Kd6 57. Ra6+ Kd7 58. c5 Rb8+ 59. Rb6 Rc8 60. Rd6+ Ke7 61. Rd1 Ke6 62. Kb6 Rb8+ 63. Kc7 1-0

[Event "Joao Pessoa Paraibano"]
[Site "Joao Pessoa"]
[Date "2022.08.20"]
[Round "3"]
[White "Picasso Gallego, Nicolas"]
[Black "Prado Oliveira, Fellipe"]
[Result "1-0"]
[WhiteElo "1777"]
[BlackElo "1895"]
[PlyCount "59"]
[EventDate "2022.08.19"]
[EventType "swiss"]
[EventRounds "5"]
[EventCountry "BRA"]
[SourceTitle "EXT 2024"]
[Source "ChessBase"]
[SourceDate "2023.10.10"]
[SourceVersion "1"]
[SourceVersionDate "2023.10.10"]
[SourceQuality "1"]

1. d4 Nf6 2. c4 g6 3. Nc3 Bg7 4. e4 d6 5. Nf3 Bg4 6. Be2 0-0 7. 0-0 c6 8. Bf4 Re8 9. Qb3 Qb6 10. Rad1 Nfd7 11. Be3 Qxb3 12. axb3 a5 13. h3 Bxf3 14. Bxf3 Na6 15. g3 c5 16. d5 Nb4 17. Nb5 Rec8 18. Bg4 Rd8 19. Rd2 Nf6 20. Bf3 h5 21. Bg2 Nd7 22. f4 Nb6 23. e5 a4 24. exd6 axb3 25. dxe7 Rd7 26. Bxc5 Nxc4 27. Re2 Nxd5 28. e8Q+ Rxe8 29. Rxe8+ Kh7 30. Rd1 1-0

[Event "Norte e Nordeste-ch U2200"]
[Site "Fortaleza"]
[Date "2022.04.17"]
[Round "5"]
[White "Naief Moreira, Cleber"]
[Black "Prado Oliveira, Fellipe"]
[Result "1/2-1/2"]
[WhiteElo "1993"]
[BlackElo "1917"]
[PlyCount "41"]
[EventDate "2022.04.15"]
[EventType "swiss"]
[EventRounds "6"]
[EventCountry "BRA"]
[SourceTitle "EXT 2023"]
[Source "ChessBase"]
[SourceDate "2022.10.05"]
[SourceVersion "1"]
[SourceVersionDate "2022.10.05"]
[SourceQuality "1"]

1. e4 c5 2. c3 d5 3. exd5 Qxd5 4. d4 cxd4 5. cxd4 e5 6. dxe5 Qxe5+ 7. Be2 Bb4+ 8. Nd2 Bg4 9. Qb3 Nc6 10. a3 Nd4 11. Qa4+ b5 12. Qd1 Ba5 13. Kf1 Bxe2+ 14. Nxe2 Rd8 15. Nxd4 Rxd4 16. Qe2 Qxe2+ 17. Kxe2 Rd7 18. Re1 Re7+ 19. Kf1 Rxe1+ 20. Kxe1 Nf6 21. b4 1/2-1/2

[Event "Norte e Nordeste-ch U2200"]
[Site "Fortaleza"]
[Date "2022.04.16"]
[Round "4"]
[White "Prado Oliveira, Fellipe"]
[Black "Do Nascimento, Davi Alves"]
[Result "0-1"]
[WhiteElo "1917"]
[BlackElo "1836"]
[PlyCount "54"]
[EventDate "2022.04.15"]
[EventType "swiss"]
[EventRounds "6"]
[EventCountry "BRA"]
[SourceTitle "EXT 2023"]
[Source "ChessBase"]
[SourceDate "2022.10.05"]
[SourceVersion "1"]
[SourceVersionDate "2022.10.05"]
[SourceQuality "1"]

1. d4 Nf6 2. Nf3 d5 3. Bf4 c5 4. c3 Nc6 5. e3 Qb6 6. Qb3 c4 7. Qxb6 axb6 8. Na3 Ra5 9. Bc7 Nd7 10. Kd2 e6 11. Bxc4 Bxa3 12. bxa3 dxc4 13. Rhb1 Ra6 14. Kc2 0-0 15. Nd2 Na5 16. Rb4 Nc6 17. Rb5 Na7 18. Rb4 b5 19. a4 Rxa4 20. Rxa4 bxa4 21. Nxc4 b5 22. Nd6 Ba6 23. Rb1 Nf6 24. Bb6 Nc8 25. Nxb5 Nxb6 26. Nc7 Nc4 27. Rb4 Nd5 0-1

[Event "Joao Pessoa-ch"]
[Site "Joao Pessoa"]
[Date "2014.08.01"]
[Round "2"]
[White "Prado Oliveira, Fellipe"]
[Black "Ribeiro, Matheus Cavalcante"]
[Result "1/2-1/2"]
[WhiteElo "1921"]
[BlackElo "2169"]
[PlyCount "149"]
[EventDate "2014.08.01"]
[EventType "swiss"]
[EventRounds "6"]
[EventCountry "BRA"]
[SourceTitle "CBM 161 Extra"]
[Source "ChessBase"]
[SourceDate "2014.08.29"]
[SourceVersion "1"]
[SourceVersionDate "2014.08.29"]
[SourceQuality "1"]

1. d4 Nf6 2. Nf3 g6 3. Bf4 Bg7 4. e3 0-0 5. Bd3 d6 6. h3 c5 7. c3 Nc6 8. Nbd2 cxd4 9. exd4 e5 10. Be3 Nd5 11. 0-0 Nxe3 12. fxe3 Be6 13. Qe2 f5 14. dxe5 dxe5 15. Bc4 Bxc4 16. Nxc4 Qe7 17. Rfd1 Rfd8 18. a4 Rac8 19. Rxd8+ Rxd8 20. Rd1 Rxd1+ 21. Qxd1 Qc5 22. Nfd2 Qd5 23. Qb3 Ne7 24. Nd6 Bh6 25. Qxd5+ Nxd5 26. N2c4 Bxe3+ 27. Nxe3 Nxe3 28. b3 Kf8 29. Nxb7 Ke7 30. c4 e4 31. Kf2 Nc2 32. Nc5 Kd6 33. Na6 f4 34. c5+ Kd5 35. b4 e3+ 36. Kf1 g5 37. b5 h5 38. c6 g4 39. hxg4 hxg4 40. c7 f3 41. gxf3 gxf3 42. Nb4+ Nxb4 43. c8Q e2+ 44. Kf2 Nd3+ 45. Kxf3 e1Q 46. Qb7+ Kc4 47. Qxa7 Qf1+ 48. Kg4 Qf4+ 49. Kh5 Ne5 50. Qc7+ Kb4 51. Qe7+ Kb3 52. Qg5 Qf3+ 53. Kh4 Qh1+ 54. Kg3 Qf3+ 55. Kh4 Qe4+ 56. Kg3 Qe1+ 57. Kf4 Nd3+ 58. Kf5 Qe5+ 59. Kg4 Qe2+ 60. Kf5 Qf3+ 61. Kg6 Nf4+ 62. Kh7 Qe4+ 63. Kg8 Qe6+ 64. Kh7 Qf7+ 65. Qg7 Qh5+ 66. Kg8 Nd5 67. b6 Qe8+ 68. Kh7 Qh5+ 69. Kg8 Qe8+ 70. Kh7 Qe4+ 71. Kg8 Nxb6 72. a5 Qa8+ 73. Kh7 Qxa5 74. Qg3+ Kb4 75. Qe1+ 1/2-1/2

[Event "Natal Potiguar 3rd op"]
[Site "Natal"]
[Date "2008.07.03"]
[Round "1.14"]
[White "Prado Oliveira, Fellipe"]
[Black "Da Costa, Jose Artanael Campo"]
[Result "1/2-1/2"]
[WhiteElo "1917"]
[BlackElo "1997"]
[PlyCount "98"]
[EventDate "2008.07.03"]
[EventType "swiss"]
[EventRounds "7"]
[EventCountry "BRA"]
[SourceTitle "EXT 2022"]
[Source "ChessBase"]
[SourceDate "2021.10.06"]
[SourceVersion "1"]
[SourceVersionDate "2021.10.06"]
[SourceQuality "1"]

1. d4 g6 2. e4 Bg7 3. Nf3 d6 4. Bc4 Nc6 5. c3 a6 6. 0-0 Nf6 7. Re1 0-0 8. e5 dxe5 9. dxe5 Qxd1 10. Rxd1 Ng4 11. e6 Bxe6 12. Bxe6 fxe6 13. Bg5 Nce5 14. Nbd2 Nd3 15. Bxe7 Rf7 16. Bh4 Nxb2 17. Re1 Re8 18. Ng5 Rd7 19. Nde4 b6 20. Nf3 Rf8 21. h3 Nh6 22. Neg5 Nf5 23. Nxe6 Nxh4 24. Nxh4 Re8 25. Nxg7 Rxe1+ 26. Rxe1 Kxg7 27. Nf3 b5 28. Kf1 Kf6 29. Ne5 Rd2 30. Ng4+ Kf7 31. Re2 Rd1+ 32. Re1 Rd5 33. Re5 Rd6 34. Rc5 c6 35. Rxc6 Rxc6 36. Ne5+ Kf6 37. Nxc6 Nd1 38. c4 bxc4 39. Ke1 Nc3 40. Na5 Nxa2 41. Nxc4 Nb4 42. Na5 Ke5 43. Kd2 Nd5 44. h4 Ke4 45. Nb3 Kf4 46. g3+ Kf3 47. Ke1 Kg2 48. Nd4 a5 49. g4 h5 1/2-1/2

[Event "Natal Potiguar 2nd op"]
[Site "Natal"]
[Date "2007.07.20"]
[Round "2.4"]
[White "Prado Oliveira, Fellipe"]
[Black "Silveira Filho, Neri da Silva"]
[Result "0-1"]
[WhiteElo "1908"]
[BlackElo "2204"]
[PlyCount "36"]
[EventDate "2007.07.20"]
[EventType "swiss"]
[EventRounds "7"]
[EventCountry "BRA"]
[SourceTitle "EXT 2022"]
[Source "ChessBase"]
[SourceDate "2021.10.06"]
[SourceVersion "1"]
[SourceVersionDate "2021.10.06"]
[SourceQuality "1"]

1. f4 e5 2. fxe5 d6 3. exd6 Bxd6 4. Nf3 g5 5. g3 g4 6. Nh4 Ne7 7. d4 Ng6 8. Nxg6 hxg6 9. Qd3 Nc6 10. c3 Bf5 11. e4 Qe7 12. Bg2 0-0-0 13. 0-0 Ne5 14. Qc2 Be6 15. dxe5 Bc5+ 16. Kh1 Bc4 17. Nd2 Qxe5 18. Rf4 Rxh2+ 0-1

[Event "Natal Magistral 4th C"]
[Site "Natal"]
[Date "2007.05.01"]
[Round "8.3"]
[White "Ribeiro, Guilherme Wanderley"]
[Black "Prado Oliveira, Fellipe"]
[Result "0-1"]
[WhiteElo "1712"]
[BlackElo "1881"]
[PlyCount "68"]
[EventDate "2007.04.27"]
[EventType "tourn"]
[EventRounds "11"]
[EventCountry "BRA"]
[SourceTitle "EXT 2022"]
[Source "ChessBase"]
[SourceDate "2021.10.06"]
[SourceVersion "1"]
[SourceVersionDate "2021.10.06"]
[SourceQuality "1"]

1. d4 Nf6 2. Nf3 e6 3. Bf4 c5 4. c4 cxd4 5. Qxd4 Nc6 6. Qd1 e5 7. Bg3 Qb6 8. Qd2 Bb4 9. Nc3 e4 10. Ne5 e3 11. fxe3 Ne4 12. Qd5 Qxe3 13. Qd3 Bxc3+ 14. bxc3 Qxd3 15. exd3 Nxg3 16. hxg3 Nxe5 17. Kd2 d6 18. Re1 0-0 19. d4 Nc6 20. Bd3 g6 21. Rh4 Kg7 22. Rb1 b6 23. Be4 Bb7 24. Bd5 Na5 25. Bxb7 Nxb7 26. Re1 Rfe8 27. Rhe4 Kf8 28. Kd3 Rxe4 29. Rxe4 Re8 30. Rh4 Kg7 31. Re4 Re6 32. g4 g5 33. Rxe6 fxe6 34. Ke4 Kf6 0-1